Statistics for Characters in The Great Gatsby

Click here to take the quiz!

General Stats

  • This quiz has been taken 302 times
  • The average score is 8 of 12

Answer Stats

HintCharacter% Correct
The Book's NamesakeJay Gatsby
99%
Love of #1's lifeDaisy Buchanan
98%
The NarratorNick Carroway
97%
Husband of the Above (#4)Tom Buchanan
94%
Narrator's GirlfriendJordan Baker
89%
Husband of the Above (#6)George Wilson
81%
Gangster, Associate of #1Meyer Wolfsheim
61%
Lover of the Above (#5)Myrtle Wilson
61%
Strange Man who first appears in a libraryOwl-Eyed Man
52%
Mentor of #1Dan Cody
50%
Sister of #5Catherine
32%
Daughter of #4 and #5Pammy Buchanon
27%

Score Distribution

Percentile by Number Answered

Percent of People with Each Score

Your Score History

You have not taken this quiz